000 00360nam a2200121Ia 4500
008 220216s9999 xx 000 0 und d
100 _aClarke Colin
245 0 _aImproved natural rubber processing and physical properties by use of selected compounding additives
260 _bRubber World
_c2009
300 _a28-31
700 _aHensel Manfred
942 _cJS
999 _c60841
_d60841